Metallurgical analysis of Chinese coins at the British Museum /

Bibliographic Details
Corporate Author: British Museum
Other Authors: Wang, Hailun
Format: Book
Language:English
Published: London : British Museum, [2005]
Series:Research publication (British Museum) ; no. 152.
Subjects:

MARC

Tag First Indicator Second Indicator Subfields
LEADER 00000cam a2200000Ia 4500
001 in00002216632
005 20151104090231.0
008 050801s2005 enkab b f000 0 eng d
020 |a 0861591526 (pbk.) 
029 1 |a YDXCP  |b 2410631 
035 |a (OCoLC)ocm61189042 
035 |a (OCoLC)61189042 
040 |a EQO  |c EQO  |d BAKER  |d TOZ  |d YDXCP  |d UtOrBLW 
043 |a a-cc---  |a e-uk-en 
049 |a TXAM 
090 |a CJ3497  |b .M48 2005 
245 0 0 |a Metallurgical analysis of Chinese coins at the British Museum /  |c edited by Helen Wang [and others]. 
264 1 |a London :  |b British Museum,  |c [2005] 
264 4 |c ©2005 
300 |a iv, 100 pages :  |b illustrations, 1 map ;  |c 30 cm. 
336 |a text  |b txt  |2 rdacontent 
337 |a unmediated  |b n  |2 rdamedia 
338 |a volume  |b nc  |2 rdacarrier 
490 1 |a British Museum research publication,  |x 0142-4815 ;  |v no. 152 
504 |a Includes bibliographical references. 
610 2 0 |a British Museum  |x Coin collections. 
650 0 |a Metallurgy in archaeology  |z China. 
650 0 |a Coins, Chinese  |x Analysis. 
650 0 |a Coins, Chinese  |x Analysis  |v Tables. 
650 0 |a Coins, Chinese  |x History. 
700 1 |a Wang, Hailun. 
710 2 |a British Museum. 
830 0 |a Research publication (British Museum) ;  |v no. 152. 
938 |a Baker & Taylor  |b BKTY  |c 40.00  |d 40.00  |i 0861591526  |n 0006765367  |s active 
938 |a YBP Library Services  |b YANK  |n 2410631 
945 |a PromptCat 
946 |a stk 
947 |a A14835012445 
948 |a cataloged  |b h  |c 2006/12/1  |d c  |e jgreene  |f 2:30:48 pm 
994 |a 92  |b TXA 
999 |a MARS 
999 f f |s 45202cd6-57f7-3273-afd1-377b235e001a  |i d8fe377a-01fe-3870-a8d6-70793b163810  |t 0 
952 f f |p normal  |a Texas A&M University  |b College Station  |c Sterling C. Evans Library  |d Evans: Library Stacks  |t 0  |e CJ3497 .M48 2005  |h Library of Congress classification  |i unmediated -- volume  |m A14835012445 
998 f f |a CJ3497 .M48 2005  |t 0  |l Evans: Library Stacks